LEADER 01374nam1-22003251i-450- 001 990000123200403321 035 $a000012320 035 $aFED01000012320 035 $a(Aleph)000012320FED01 035 $a000012320 100 $a20011111d--------km-y0itay50------ba 101 0 $aita 105 $ay-------001yy 200 1 $aTraité de stéréotomie comprenant les applications de la géométrie descriptive à la théorie des ombres, la perspectivelinéare, la gnomonique, la coupe des pierres et la charpente, avec un atlas composé de 74 planches in folio$fpar C. F. A. Leroy. 205 $a2. ed. 210 $aParis$cMallet-Bachelier$d1857- 215 $av.$d41 cm 463 \1$1001990000172400403321$12001 $a2. : Atlas. 74 tav. : ill. 463 \1$1001990000231160403321$12001 $a1. : Texte. XVI, 424 p. 610 0 $aStereotomia 676 $a516.6 700 1$aLeroy,$bCharles François Antoine$f<1780-1854>$0343388 801 0$aIT$bUNINA$gRICA$2UNIMARC 901 $aBK 912 $a990000123200403321 952 $a13 AR 16 E 60$b7894$fFINBC 959 $aFINBC 996 $aTraité de stéréotomie comprenant les applications de la géométrie descriptive à la théorie des ombres, la perspectivelinéare, la gnomonique, la coupe des pierres et la charpente, avec un atlas composé de 74 planches in folio$9114291 997 $aUNINA DB $aING01